000 00328nam a2200133Ia 4500
008 220524s9999 xx 000 0 und d
041 _aeng
082 _a746.43
100 _aJohnson Henry
_92365
245 _aIntroduction to knitting Technology
260 _bAbhishek Pub. Chandigarh
650 _aKnitting
_92366
906 _a77
999 _c4814
_d4814